Wings of Fire Book Two Characters - Statistics

General Stats
  • This quiz has been taken 34 times
  • The average score is 15 of 20
Answer Stats
Hint Answer % Correct
Mudwing Clay
100%
Seawing Queen Coral
100%
Rainwing Glory
96%
Nightwing Starflight
96%
Sandwing Sunny
96%
Seawing Anemone
93%
Seawing Tsunami
93%
Sandwing Blister
89%
Seawing Shark
89%
Seawing Auklet
82%
Seawing Whirlpool
82%
Mudwing Crocodile
75%
Seawing Riptide
71%
Seawing Webs
68%
Seawing Moray
61%
Seawing Nautilus
43%
Seawing Tortoise
43%
Icewing Cirrus
32%
Seawing Lagoon
29%
Seawing Urchin
18%
No matching quizzes found
Score Distribution
Percent of People with Each Score
Percentile by Number Answered
Your Score History
You have not taken this quiz